Estadísticas para Estaciones del Metro de Málaga

Haz click aquí para intentar la prueba.

Estadísticas generales

  • Esta prueba ha sido intentada 29 veces
  • La puntuación promedio es 16 de 19

Estadísticas de respuestas

Respuesta% Correcto
Atarazanas
96%
El Perchel
96%
Guadalmedina
96%
Andalucía Tech
92%
Ciudad de la Justicia
92%
Palacio de los Deportes
92%
La Isla
88%
La Luz - La Paz
88%
Portada Alta
88%
Princesa - Huelin
88%
El Torcal
83%
La Unión
83%
Puerta Blanca
83%
Universidad
83%
Clínico
79%
Barbarela
75%
Carranque
75%
Paraninfo
63%
El Cónsul
58%

Distribución de puntuación

Porcentaje por número respondido

Porcentaje de gente con cada puntuación

Historial de tus puntuaciones

No has intentado esta prueba.